Corporate governance and corporate finance (E-Book) (Record no. 192985)
[ view plain ]
| 000 -LEADER | |
|---|---|
| fixed length control field | 01292 a2200289 4500 |
| 003 - CONTROL NUMBER IDENTIFIER | |
| control field | Nust |
| 005 - DATE AND TIME OF LATEST TRANSACTION | |
| control field | 20170207154048.0 |
| 020 ## - INTERNATIONAL STANDARD BOOK NUMBER | |
| International Standard Book Number | 0-415-40531-9 (hbk.) : |
| 020 ## - INTERNATIONAL STANDARD BOOK NUMBER | |
| International Standard Book Number | 0-415-40532-7 (pbk.) : |
| 020 ## - INTERNATIONAL STANDARD BOOK NUMBER | |
| International Standard Book Number | 978-0-415-40531-7 (hbk.) : |
| 020 ## - INTERNATIONAL STANDARD BOOK NUMBER | |
| International Standard Book Number | 978-0-415-40532-4 (pbk.) : |
| 035 ## - SYSTEM CONTROL NUMBER | |
| System control number | (Uk)013779519 |
| 040 ## - CATALOGING SOURCE | |
| Transcribing agency | Nust |
| 082 04 - DEWEY DECIMAL CLASSIFICATION NUMBER | |
| Classification number | 658.15094 |
| 100 ## - MAIN ENTRY--PERSONAL NAME | |
| Personal name | Ruud A.I. van Frederikslust, James S. Ang, P.S. Sudarsanam |
| 245 00 - TITLE STATEMENT | |
| Title | Corporate governance and corporate finance (E-Book) |
| Remainder of title | a European perspective / |
| Statement of responsibility, etc. | Ruud A.I. van Frederikslust, James S. Ang, P.S. Sudarsanam |
| 260 ## - PUBLICATION, DISTRIBUTION, ETC. | |
| Place of publication, distribution, etc. | London : |
| Name of publisher, distributor, etc. | Routledge, |
| Date of publication, distribution, etc. | 2007 |
| 300 ## - PHYSICAL DESCRIPTION | |
| Extent | 757 s. |
| 505 ## - FORMATTED CONTENTS NOTE | |
| Formatted contents note | PART 1: Alternative perspectives on corporate governance systems (Page-7) PART 2: Equity ownership structure and control (Page-133) PART 3: Corporate governance, underperformance and management turnover (Page-255) PART 4: Directors’ remuneration (Page-367) PART 5: Governance, performance and financial strategy (Page-487) PART 6: On takeover as disciplinary mechanism (Page-645) |
| 650 #7 - SUBJECT ADDED ENTRY--TOPICAL TERM | |
| Topical term or geographic name entry element | Bolagsstyrning |
| Geographic subdivision | Europa |
| 650 #7 - SUBJECT ADDED ENTRY--TOPICAL TERM | |
| Topical term or geographic name entry element | Corporate governance |
| Geographic subdivision | Europe |
| 650 #7 - SUBJECT ADDED ENTRY--TOPICAL TERM | |
| Topical term or geographic name entry element | Corporations |
| Geographic subdivision | Europe |
| General subdivision | Finance |
| 651 ## - SUBJECT ADDED ENTRY--GEOGRAPHIC NAME | |
| Geographic name | (E-Book) |
| 700 1# - ADDED ENTRY--PERSONAL NAME | |
| Personal name | Ang, James S |
| 700 1# - ADDED ENTRY--PERSONAL NAME | |
| Personal name | Sudarsanam, P. S |
| 700 1# - ADDED ENTRY--PERSONAL NAME | |
| Personal name | Van Frederikslust, R. A. I |
| 942 ## - ADDED ENTRY ELEMENTS (KOHA) | |
| Source of classification or shelving scheme | |
| Koha item type | Book |
| Withdrawn status | Lost status | Source of classification or shelving scheme | Damaged status | Not for loan | Collection code | Permanent Location | Current Location | Date acquired | Total Checkouts | Full call number | Barcode | Date last seen | Price effective from | Koha item type |
|---|---|---|---|---|---|---|---|---|---|---|---|---|---|---|
| Military College of Signals (MCS) | Military College of Signals (MCS) | 12/12/2016 | 658.15094 VAN | MCSEB-2583 | 12/08/2016 | 12/12/2016 | Book |
